000 00572nam a2200181Ia 4500
008 090124s9999 xx 000 0 und d
082 _b26769
_a2929
100 _aदेशपांडे ना.व्यं.
245 _a सरकार ते सरकार
250 _a1
260 _c1992
300 _a224
600 _aदेशपांडे ना.व्यं.
630 _a सरकार ते सरकार
700 _aदेशपांडे ना.व्यं.
730 _a सरकार ते सरकार
942 _cBOOK
999 _c140241
_d140241